000 00296nam a22001337a 4500
008 170817b xxu||||| |||| 00| 0 eng d
020 _a9780130463272
041 _aeng
080 _a51
100 _a36
101 _aMAT
245 _aDISCRETE MATHEMATICS WORKBOOK
_cBUSH,J.R
942 _2udc
_cBK
999 _c23837
_d23837